000 01375cam a2200313 i 4500
003 SA-RiAUC
005 20250803084300.0
008 250729s2007____ua abo g b 000 0dara c
020 _a9960568806
040 _aSA-RiKAPL
_bara
_cSA-RiAUC
_erda
043 _aa-su---
082 0 4 _a953.122
_qSA-RiAUC
090 _a953.122
_bع ب د
100 1 _aعبد المقصود، مجدي أنور
_eمؤلف.
245 1 0 _aدوام الوفا فيما تبقى من معالم دار المصطفى صلى الله عليه وسلم /
_cبقلم أبي طلحة مجدي أنور عبد المقصود.
250 _aالطبعة الأولى.
264 1 _aطنطا، مصر :
_bدار الصحابة للتراث،
_c2007.
300 _a248 صفحة :
_bجداول، خرائط، صور ؛
_c24 سم
336 _aنص
_btxt
_2rdacontent
_3كتاب
337 _aبدون وسيط
_bn
_2rdamedia
338 _aمجلد
_bnc
_2rdacarrier
504 _aببيلوجرافية : صفحة 233-245.
600 0 7 _aمحمد (صلى الله عليه وسلم)،
_d53 قبل الهجرة-11 هجري
_2aucnm
651 7 _aالمدينة المنورة
_xوصف ورحلات
_2aucsh
651 7 _aالمدينة المنورة
_xتاريخ
_2aucsh
651 7 _aالمدينة المنورة
_xآثار
_2aucsh
942 _2ddc
_cBOOK
_n0
949 _aSA-JeALM
_d250729
_umohamedma123
_n1
999 _c10512
_d10512